000 00805cam a22002533a 4500
001 28549
003 PGUSA
005 20140828083621.0
008 090410s2009||||xxu|||||s|||||000 | eng d
040 _aPGUSA
_beng
042 _adc
050 4 _aRM
100 1 _aSmith, Hugh,
_d-1789
245 1 2 _aA Treatise on Foreign Teas :
_bAbstracted From An Ingenious Work, Lately Published, Entitled An Essay On the Nerves
_h[electronic resource] /
_cHugh Smith
260 _bProject Gutenberg,
_c2009
506 _aPublic domain in the USA.
516 _aElectronic text
653 _aTea -- Health aspects
653 _aTea -- Health aspects -- India
653 _aTea -- Health aspects -- China
830 0 _aProject Gutenberg
_v28549
856 4 0 _uhttp://www.gutenberg.org/ebooks/28549
942 _cEB
999 _c257804
_d257804